| 000 | 00709cam a22002172 4500 | ||
|---|---|---|---|
| 001 | 0000003986 | ||
| 005 | 20151217145748.0 | ||
| 008 | 070517s xx 000 0 eng d | ||
| 020 |
_a013027805X : _cGBP 46.99 |
||
| 040 |
_aKABU _cKABU |
||
| 050 | 0 |
_aQD453.2 _b.R34 |
|
| 100 | 1 |
_aRaff, Lionel M. _@0000154287 |
|
| 245 | 1 | 0 |
_aPrinciples of physical chemistry / _cLionel M. Raff. |
| 260 |
_aUpper Saddle River, NJ : _bPrentice Hall, _cc2001. |
||
| 300 |
_axxxi, 1256 p. : _bill. ; _c26 cm. |
||
| 504 | _aIncludes bibliographical references and index. | ||
| 650 | 0 |
_aChemistry, Physical and theoretical. _@0000154243 |
|
| 908 | _a070517 | ||
| 950 | _@1 | ||
| 999 |
_c2358 _d2358 |
||